| 000 | 00549nam a2200181 i 4500 | ||
|---|---|---|---|
| 001 | 123291 | ||
| 003 | ES-MaACL | ||
| 005 | 20231226160524.0 | ||
| 007 | t| | ||
| 008 | 070214s1944 cu r ||||0| spa d | ||
| 100 | 1 |
_aQuesada y Miranda, Gonzalo de. _994574 |
|
| 245 | 1 | 0 |
_aMartí, hombre / _cGonzalo de Quesada y Miranda. |
| 260 |
_aLa Habana : _b[s.n.], _c1944 ( _fImp. Seoane, Fernández) |
||
| 300 |
_a254 p ; _c22 cm. |
||
| 600 | 1 | 7 |
_aMartí, José, _d1853-1895- _xBiografías _2 _9141727 |
| 852 |
_aES-MaACL _jC-5846 |
||
| 999 |
_c123291 _d123291 |
||